Biggest Country in... #2 - Statistics

General Stats
  • This quiz has been taken 208 times
  • The average score is 13 of 18
Answer Stats
Biggest in... Country % Correct
Portuguese speaking Brazil
92%
Central America Nicaragua
92%
Nordic Countries Sweden
92%
Landlocked country in Americas Bolivia
89%
Mediterranean Basin Algeria
87%
Landlocked country Kazakhstan
86%
Sub-Saharan Africa Democratic Republic of the Congo
85%
Serbo-Croatian-speaking Serbia
84%
European island country United KIngdom
83%
Landlocked country in Africa Chad
81%
without land borders Australia
78%
Landlocked country in Europe Belarus
78%
*On an island Indonesia
61%
Berber-speaking Algeria
58%
EU, including all territories Denmark
53%
without rivers Saudi Arabia
46%
without snakes New Zealand
19%
without mountains Belarus
17%
No matching quizzes found
Score Distribution
Percent of People with Each Score
Percentile by Number Answered
Your Score History
You have not taken this quiz